000 00607cam a22001932 4500
001 0000024334
005 20151217155916.0
008 130807s xx 000 0 eng d
040 _aKABU
_cKABU
110 2 _aKenya.
_bMinistry of Finance.
_@0000177603
245 1 0 _aAnnual public debt management report July 2011-June 2012 /
_cMinistry of Finance, Kenya.
250 _a1st ed.
260 _aNairobi :
_bMinistry of Finance,
_c2012.
300 _a53 p.
650 0 _aDebt, Public
_zKenya.
_@0000178192
908 _a130807
950 _@1
999 _c13938
_d13938